The Arden edition of the works of William Shakespeare. (Record no. 144)
[ view plain ]
| 000 -LEADER | |
|---|---|
| fixed length control field | 02177cac a2200229 a 4500 |
| 001 - CONTROL NUMBER | |
| control field | 4147146 |
| 005 - DATE AND TIME OF LATEST TRANSACTION | |
| control field | 20200421093820.0 |
| 008 - FIXED-LENGTH DATA ELEMENTS--GENERAL INFORMATION | |
| fixed length control field | 080128i19511982enk b 000 d eng d |
| 040 ## - CATALOGING SOURCE | |
| Original cataloging agency | StEdNL |
| 100 1# - MAIN ENTRY--PERSONAL NAME | |
| Personal name | Shakespeare, William, |
| Dates associated with a name | 1564-1616. |
| 240 10 - UNIFORM TITLE | |
| Uniform title | Works. |
| Date of a work | 1951 |
| 245 14 - TITLE STATEMENT | |
| Title | The Arden edition of the works of William Shakespeare. |
| Number of part/section of a work | Second series / |
| Statement of responsibility, etc. | general editors, Harold F. Brooks and Harold Jenkins. |
| 260 ## - PUBLICATION, DISTRIBUTION, ETC. | |
| Place of publication, distribution, etc. | London : |
| Name of publisher, distributor, etc. | Methuen, |
| Date of publication, distribution, etc. | 1951-1982. |
| 300 ## - PHYSICAL DESCRIPTION | |
| Extent | 38 v. ; |
| Dimensions | 23 cm. |
| 490 1# - SERIES STATEMENT | |
| Series statement | Arden Shakespeare |
| 504 ## - BIBLIOGRAPHY, ETC. NOTE | |
| Bibliography, etc. note | Includes bibliographical references. |
| 505 0# - FORMATTED CONTENTS NOTE | |
| Formatted contents note | All's well that ends well / ed. G.K. Hunter -- Antony and Cleopatra / ed. Peter Ure -- As you like it / ed. Agnes Latham -- The comedy of errors / ed. R.A. Foakes -- Coriolanus / ed. Philip Brockbank -- Cymbeline / ed. J.M. Nosworthy -- Hamlet / ed. Harold Jenkins -- Julius Caesar / ed. T.S. Dorsch -- King Henry IV, pts. 1 and 2 / ed. A.R. Humphreys -- King Henry V / ed. John H. Walter -- King Henry VI pts. 1, 2 and 3 / ed. Andrew S. Cairncross -- King Henry VIII / ed. R.A. Foakes -- King John / ed. E.A.J. Honigmann -- King Lear / ed. Kenneth Muir -- King Richard II / ed. Peter Ure -- King Richard III / ed. Antony Hammond -- Love's labour's lost / ed. Richard David -- Macbeth / ed. Kenneth Muir -- Measure for measure / ed. J.W. Lever -- The merchant of Venice / ed. John Russell Brown -- The merry wives of Windsor / ed. H.J. Oliver -- A midsummer night's dream / ed. Harold F. Brooks -- Much ado about nothing / ed. A.R. Humphreys -- Othello / ed. M.R. Ridley -- Pericles / ed. F.D. Hoeniger -- The poems / ed. F.T. Prince -- Romeo and Juliet / ed. Brian Gibbons -- The taming of the shrew / ed. Brian Morris -- The tempest / ed. F. Kermode -- Timon of Athens / ed. H.J. Oliver -- Titus Andronicus / ed. J.C. Maxwell -- Troilus and Cressida / ed. Kenneth Palmer -- Twelfth night / ed. J.M. Lothian and T.W. Craik -- The two gentlemen of Verona / ed. Clifford Leech -- The winter's tale / ed. J.H.P. Pafford. |
| 700 1# - ADDED ENTRY--PERSONAL NAME | |
| Personal name | Brooks, Harold Fletcher. |
| 9 (RLIN) | 787 |
| 700 1# - ADDED ENTRY--PERSONAL NAME | |
| Personal name | Jenkins, Harold. |
| 9 (RLIN) | 788 |
| 800 1# - SERIES ADDED ENTRY--PERSONAL NAME | |
| Personal name | Shakespeare, William, |
| Dates associated with a name | 1564-1616. |
| Title of a work | Works. |
| Date of a work | 1951. |
| 9 (RLIN) | 789 |
| 942 ## - ADDED ENTRY ELEMENTS (KOHA) | |
| Source of classification or shelving scheme | Dewey Decimal Classification |
| Koha item type | Books |
| Withdrawn status | Lost status | Damaged status | Not for loan | Collection | Home library | Current library | Shelving location | Date acquired | Barcode | Date last seen | Price effective from | Koha item type |
|---|---|---|---|---|---|---|---|---|---|---|---|---|
| Reference | Centerville | Centerville | General stacks | 09/04/2014 | 39999000006018 | 09/04/2014 | 09/04/2014 | Books | ||||
| Reference | Fairview | Fairview | General stacks | 09/04/2014 | 39999000005998 | 09/04/2014 | 09/04/2014 | Books |